| 000 | 00713cam a22002291 4500 | ||
|---|---|---|---|
| 001 | 000019912 | ||
| 005 | 20200929170204.0 | ||
| 008 | 841210q19601969sp 000 0 spa | ||
| 010 | _a70256873 | ||
| 035 | _a(OCoLC)11472079 | ||
| 040 |
_aDO-SdBNP _cPLF _dDLC |
||
| 042 | _apremarc | ||
| 050 | 0 | 0 |
_aBX830 1962 _b.M365 |
| 100 | 2 |
_aMartin Descalzo, Jose Luis, _d1930- _942472 |
|
| 245 | 1 | 3 | _aUn periodista en el Concilio. |
| 260 |
_aMadrid, : _bPropaganda Popular Catolica, _c[196?]. |
||
| 300 |
_av. ; _c20 cm. |
||
| 490 | 0 |
_aColeccion Cosas de Dios, _v16, 19, 26, 29 |
|
| 500 | _aVol. 3: 2d ed.; v. 4: 4th ed. | ||
| 611 | 2 | 0 |
_aVatican Council _n(2nd : _d1962-1965) _942473 |
| 910 | _aCatalogación derivada / LC | ||
| 999 |
_c19425 _d19425 |
||